University Home | Library Home | Institutional Repository

The dreamtime : (Record no. 192473)

MARC details
000 -LEADER
fixed length control field 00914cam4a220026500 4500
001 - CONTROL NUMBER
control field qce01769586
005 - DATE AND TIME OF LATEST TRANSACTION
control field 20190830112922.0
008 - FIXED-LENGTH DATA ELEMENTS--GENERAL INFORMATION
fixed length control field 750724s1970 at eng u
010 ## - LIBRARY OF CONGRESS CONTROL NUMBER
LC control number 65023900
035 ## - SYSTEM CONTROL NUMBER
System control number (Sirsi) r70914
035 ## - SYSTEM CONTROL NUMBER
System control number (QCAT)lss00911851
035 ## - SYSTEM CONTROL NUMBER
System control number (UPRA)qce01769586
040 ## - CATALOGING SOURCE
Modifying agency UPRA
050 0# - LIBRARY OF CONGRESS CALL NUMBER
Classification number BL2610
Item number .M6
082 ## - DEWEY DECIMAL CLASSIFICATION NUMBER
Classification number 398.2
100 1# - MAIN ENTRY--PERSONAL NAME
Personal name Mountford, Charles Pearcy, 1890-1977.
Dates associated with a name Mountford, Charles Pearcy, 1890-1977.
Linkage A32068.1
245 14 - TITLE STATEMENT
Title The dreamtime :
Remainder of title Australian aboriginal myths in paintings by Ainslie Roberts /
Statement of responsibility, etc. with text by Charles P. Mountford.
260 ## - PUBLICATION, DISTRIBUTION, ETC.
Place of publication, distribution, etc. Adelaide :
Name of publisher, distributor, etc. Rigby,
Date of publication, distribution, etc. [1970, c1965]
490 0# - SERIES STATEMENT
Series statement (Aus 66-34)
Linkage S5346.1
500 ## - GENERAL NOTE
General note "Revised in full colou March 1970."
650 #0 - SUBJECT ADDED ENTRY--TOPICAL TERM
Topical term or geographic name entry element Mythology, Australian aboriginal.
Linkage S23920.1
700 1# - ADDED ENTRY--PERSONAL NAME
Personal name Roberts, Ainslie.
Linkage A32069.1
949 ## - LOCAL PROCESSING INFORMATION (OCLC)
a BL2610
w lcc
i -95961
m MAIN
t BOOK
l ON-SHELF

No items available.

© 2026 - The University of Zambia Library - Koha v25.11